Score 0/199 Timer 10:00
2 Plays Today
% Correct
a
91.3%
a
91.3%
a
91.3%
a
91.3%
a
91.3%
a
91.3%
I
88.8%
I
88.8%
I
88.8%
I
88.8%
Chewbacca.
83.5%
Chewbacca
83.5%
Chewbacca
83.5%
Chewbacca!
83.5%
Chewbacca
83.5%
the
81.7%
the
81.7%
the
81.7%
The
81.7%
an
73.4%
is
72.2%
is
72.2%
No!
70.1%
you
68%
you
68%
you
68%
you
68%
do
67.9%
do
67.9%
And
67.1%
and
67.1%
and
67.1%
and
67.1%
and
67.1%
And
67.1%
and
67.1%
and
67.1%
and
67.1%
NOT
66.8%
NOT
66.8%
NOT
66.8%
not
66.8%
NOT
66.8%
that.
66.6%
this
64.5%
this
64.5%
this
64.5%
this
64.5%
this
64.5%
this
64.5%
this
64.5%
does
62.1%
does
62.1%
does
62.1%
does
62.1%
Does
62.1%
does
62.1%
does
62.1%
Wookiee,
60.5%
Wookiee
60.5%
of
59.9%
of
59.9%
of
59.9%
of
59.9%
It
59.8%
it
59.8%
it
59.8%
% Correct
it
59.8%
Wookiee
59.8%
to
58.5%
to
58.5%
to
58.5%
to
58.5%
to
58.5%
to
58.5%
on
58%
on
58%
on
58%
MAKE
58%
MAKE
58%
MAKE
58%
make
58%
make
58%
MAKE
58%
make
58%
That
57.5%
that
57.5%
that
57.5%
That
57.5%
SENSE.
56.7%
SENSE!
56.7%
sense?
56.7%
sense!
56.7%
sense!
56.7%
sense?
56.7%
SENSE!
56.7%
SENSE!
56.7%
Why
52.1%
If
51.5%
would
50.1%
planet
49%
planet
49%
Endor.
48.6%
Endor,
48.6%
Endor,
48.6%
jury,
47%
jury
47%
jury,
47%
ladies
46.1%
Ladies
46.1%
Ladies
46.1%
Ladies
46.1%
Ladies
46.1%
What
45.4%
gentlemen
44.9%
gentlemen,
44.9%
gentlemen,
44.9%
gentlemen,
44.9%
gentlemen
44.9%
in
44.8%
live
44.8%
defense
44.2%
from
43.1%
with
42.6%
with
42.6%
with
42.6%
must
42.2%
have
41.7%
have
41.7%
have
41.7%
have
41.7%
so
39.9%
me,
39.7%
am
39%
% Correct
But
38.7%
but
38.7%
But
38.7%
LIVES
38.3%
lives
38.3%
want
37.7%
want
37.7%
acquit!
36.7%
case.
36.6%
case?
36.6%
case!
36.6%
Ewoks?
36.3%
at
36%
rests.
35.5%
any
34.6%
Now
33.5%
when
32.9%
about
32.7%
about
32.7%
think
32.1%
has
31.6%
supposed
31.3%
supposed
31.3%
tall
31%
tall
31%
they
30.9%
two-foot
30.1%
Nothing.
29.9%
nothing
29.9%
eight-foot
28.3%
ask
27.3%
I'm
27.2%
I'm
27.2%
Kashyyyk,
26.7%
Look
26.3%
one
25.8%
bunch
25.7%
makes
24.8%
making
24.6%
good
23.8%
None
23.3%
yourself:
22.7%
lawyer
22.4%
talking
21.8%
thing
21.3%
you're
18%
more
15.9%
room
14.6%
consider.
14.4%
Hell,
14.1%
record
12.3%
company,
12.1%
defending
11.7%
deliberatin'
11.4%
final
11.3%
important,
11.2%
almost
11.2%
Emancipation
11%
Proclamation,
11%
myself.
10.7%
major
10.6%
conjugatin'
9.9%
felt
8.5%
pity
7.9%
remember,
7.8%

You're not logged in!

Compare scores with friends on all Sporcle quizzes.
OR
Log In

Sporcle TV

Today on Sporcle TV


Watch our educational content, quiz creation guides, and fun videos on Sporcle TV.

Show Comments

Extras

Top Quizzes Today


Score Distribution

Paid Content

Your Account Isn't Verified!

In order to create a playlist on Sporcle, you need to verify the email address you used during registration. Go to your Sporcle Settings to finish the process.

Report this User

Report this user for behavior that violates our Community Guidelines.

Details: